MEDZINÁRODNÉ METEOROLOGICKÉ EXPERIMENTY

Bibliographic Details
Format: Article
Language:Slovak

MARC

LEADER 00000nab a2200000uu 4500
001 vtls011103792
003 SK-MaSNL
005 20260225205404.0
008 230222|1972 xo |||||||||||||||||slo|
015 |a SNBRB 
035 |a (uuid)8528b393-f5ac-480e-8091-e30ea0df58d4 
035 |a (urnnbn)urn:nbn:sk:snk:ar-a084cr 
035 |a urn:nbn:sk:snk-ab9a8a 
040 |a SNKBUCL  |b slo  |c SNKBUCL  |e AACR2 
041 0 |a slo 
044 |a xo  |c SK 
245 0 0 |a MEDZINÁRODNÉ METEOROLOGICKÉ EXPERIMENTY 
773 0 |t Svet vedy : populárnovedecký mesačník SAV a Čs. spoločnosti pre šírenie politických a vedeckých poznatkov  |g Roč. 19, č. 8 (1972), s. 443-444 
954 |a odborná, vedecká literatúra pôvodná (slovenská)  |2 lita 
958 |a OND 
958 |a EUIPO 
958 |a article13 
999 |c 2008583  |d 2010513